00630 2200229 4500001002100000005001700021008004100038035002400079082001200103090001900115100001900134245006000153260003100213300003100244500002700275650003400302980001500336985000600351986001300357999001500370990001500385YOGYA-0209000002140120090227023530.0 ind  0010-020900000021401 a633.635 a633.635bMak D aMAKFULD, Jarir aDeskripsi pengolahan hasil nabaticoleh Djarir Makfoeld aYogyakartabAgritechc1982 aviii, 117 hlmbilusc21 cm aBibliografi : hlm. 117 aPertanian, hasil - Pengolahan a11-08-2006 a1 apklRTREV a94P0047919 a66551-P/95